The economist
Guardat en:
| Format: | Llibre |
|---|---|
| Idioma: | Undetermined |
| Publicat: |
London
Economist Newspaper Ltd.
2018
|
| Matèries: | |
| Etiquetes: |
Afegir etiqueta
Sense etiquetes, Sigues el primer a etiquetar aquest registre!
|
| Thư viện lưu trữ: | Trung tâm Học liệu Trường Đại học Cần Thơ |
|---|
| LEADER | 00378nam a2200145Ia 4500 | ||
|---|---|---|---|
| 001 | CTU_235309 | ||
| 008 | 210402s9999 xx 000 0 und d | ||
| 082 | |a 330 | ||
| 082 | |b E19 | ||
| 245 | 4 | |a The economist | |
| 260 | |a London | ||
| 260 | |b Economist Newspaper Ltd. | ||
| 260 | |c 2018 | ||
| 650 | |a Finance,Tài chính | ||
| 980 | |a Trung tâm Học liệu Trường Đại học Cần Thơ | ||